000 00868nam a2200313 a 4500
003 AR-BaBNM
005 20251128203932.0
008 082120s2002 ||||||||||||||000 | spa||
020 _a950-602-150-3
040 _cAR-BaBNM
100 1 _aRobert, Jocelyne
245 0 0 _aMi sexualidad
_bde 0 a 6 años
260 _aBuenos Aires
_bNueva Visión
_c1991
300 _a79 p.
_bil.
490 0 _aMi sexualidad
500 _aContiene apéndice dedicado a padres y a maestros
650 4 _aEDUCACION SEXUAL
650 4 _aMATERIAS DEL CURRICULO
650 4 _aSEXUALIDAD
650 4 _aLIBROS PARA NIÑOS
653 _aEDUCACION INICIAL
653 _aEDUCACION INICIAL
700 0 _aTibo
_eilustrador
700 1 _aJacob, Jo-Anne
_ecolaborador
700 1 _aMorache, Carol
_eprologuista
700 1 _aCrespo, Marta
_etraductor
942 _cBK
998 _cSILVI
999 _c5532
_d5532